Rap groups by picture - Statistics

General Stats
  • This quiz has been taken 44 times
  • The average score is 7 of 16
Answer Stats
Picture Answer % Correct
Outkast
95%
NWA
92%
Wu Tang Clan
68%
G Unit
66%
Run DMC
58%
Salt N Pepa
47%
Public Enemy
39%
Kriss Kross
37%
A Tribe Called Quest
34%
De La Soul
32%
Bone Thugs N Harmony
26%
Cypress Hill
26%
Kid N Play
18%
Geto Boys
11%
Three 6 Mafia
11%
Hot Boys
5%
No matching quizzes found
Score Distribution
Percent of People with Each Score
Percentile by Number Answered
Your Score History
You have not taken this quiz